| 000 | 00918nmm a2200289 a 4500 | ||
|---|---|---|---|
| 001 | ocm000580734 | ||
| 003 | TR-IsHL | ||
| 005 | 20201028115954.0 | ||
| 008 | 130625s2010 tu tur | ||
| 007 | cr cn | ||
| 020 | _a9789756510797 | ||
| 035 |
_a580734 _b(N$T) |
||
| 050 | 0 | 4 |
_aPL248.A364 _bF453 2010 |
| 090 | 0 | 4 |
_aPL248.A364 _bF453 2010 |
| 100 | 1 | _aAhmet Midhat Efendi | |
| 245 | 1 | 0 |
_aFelatun Bey ile Rakım Efendi _h[electronic resource] / _cAhmet Midhat Efendi ; haz. Rahmi Cihan |
| 250 | _a3. bs. | ||
| 260 |
_aİstanbul : _bAthena Yayınları, _c2010 |
||
| 300 | _a174 p. | ||
| 650 | 4 | _aDil ve Edebiyat | |
| 650 | 4 | _aLanguage and Literature | |
| 650 | 0 | _aTürk romanı | |
| 650 | 0 | _aTurkish fiction | |
| 650 | 7 |
_aLITERARY COLLECTIONS / Middle Eastern _2bisacsh |
|
| 700 | 1 | _aCihan, Rahmi | |
| 856 | 4 | 0 | _uhttp://search.ebscohost.com/login.aspx?direct=true&scope=site&db=e011xww&AN=580734 |
| 999 |
_c539 _d539 |
||